000 00584nam a2200181Ia 4500
008 100920s9999 xx 000 0 und d
082 _b91509
_a891.43 थ 98
100 _aकर्दम जयप्रकाश.
245 _aबौध्द गाथाएं.
260 _bसंगीता प्रकाशन, दिल्ली.
_c1998
300 _a46
_bसाधी
365 _b30
520 _aहिंदी.
630 _aबौध्द गाथाएं.
650 _aहिंदी.
730 _aबौध्द गाथाएं.
942 _cBOOK
999 _c731978
_d731975